|
|
|
|
| LEADER |
00776naa a2200193 i 4500 |
| 001 |
acta61713 |
| 005 |
20260224081030.0 |
| 008 |
191025s2016 hu o 100 eng d |
| 040 |
|
|
|a SZTE Egyetemi Kiadványok Repozitórium
|b hun
|
| 041 |
|
|
|a eng
|
| 100 |
1 |
|
|a Gál Péter
|
| 245 |
1 |
0 |
|a Bringing a non-object oriented language closer to the object oriented world
|h [elektronikus dokumentum] :
|b a case study for A+.NET /
|c Gál Péter
|
| 260 |
|
|
|c 2016
|
| 300 |
|
|
|a 23
|
| 490 |
0 |
|
|a Conference of PhD Students in Computer Science
|v 10
|
| 695 |
|
|
|a Számítástechnika - előadáskivonat
|
| 700 |
0 |
1 |
|a Bátori Csaba
|e aut
|
| 710 |
|
|
|a Conference of PhD students in computer science (10.) (2016) (Szeged)
|
| 856 |
4 |
0 |
|u http://acta.bibl.u-szeged.hu/61713/1/cscs_2016_024.pdf
|z Dokumentum-elérés
|